000 00847nam a2200289 a 4500
001 000110518
003 CHAP
005 20220329144137.0
008 140908s2010 mx |r| ||||||spa d
010 _a106980
011 _a107952
020 _a9786079017026
040 _cCHAP
082 0 4 _a861
_bA18
100 1 _aAcosta, Andrés
_d(1964 -)
_9128311
245 1 0 _aCómo me hice poeta /
_cpor Andrés Acosta.
260 _aMéxico, D. F. :
_bInstituto de Cultura de Yucatán
_bConsejo Nacional para la Cultura y las Artes
_bFicticia,
_c2010.
300 _a110 p.
590 _aE5765TAJ
_b05
_c20140908
_lUCH01
_h0905
600 1 4 _aAcosta, Andrés
_d(1964 -)
_vbibliografías
_9175595
650 1 4 _aLiteratura mexicana.
_967138
650 1 4 _aPoesía.
_990141
650 1 4 _aPoetas.
_990153
901 _aBK
942 _cLIBRO
942 _n0
999 _c106980
_d106980